| 000 | 00610nam a2200205 4500 | ||
|---|---|---|---|
| 001 | 44867 | ||
| 090 | _a44867 | ||
| 100 | _a20150717d1948 m y0pory50030103ba | ||
| 101 | 1 | _apor | |
| 102 | _aPT | ||
| 200 | 1 |
_aO caso da virgem vagabunda _fErle Stanley Gardner _gtrad. L. de Almeida Campos |
|
| 210 | 9 |
_aLisboa _cLivros do Brasil, _d1948 |
|
| 215 |
_a200, [14] p. _d16 cm |
||
| 225 | 2 |
_aVampiro _v432 |
|
| 304 | _aTít. orig.: The vagabund virgins | ||
| 675 |
_a821.111(73)-312.4"19" _vBN _zpor |
||
| 700 | 1 |
_aGardner, _bErle Stanley, _f1889-1970 |
|
| 702 | 1 |
_aCampos, _bLuís de Almeida _4730 |
|
| 801 | 0 |
_aPT _bBN _gRPC |
|
| 990 | _cLIVROS | ||